Normal view
MARC view
- Mazidi M.A.; Naimi S. & Naimi S
Entry Personal Name
001 - CONTROL NUMBER
- control field: 194180
003 - CONTROL NUMBER IDENTIFIER
- control field: OSt
005 - DATE AND TIME OF LATEST TRANSACTION
- control field: 20230714214331.0
008 - FIXED-LENGTH DATA ELEMENTS
- fixed length control field: 230714|| aca||aabn | a|a d
040 ## - CATALOGING SOURCE
- Original cataloging agency: OSt
- Transcribing agency: OSt
100 ## - HEADING--PERSONAL NAME
- Personal name: Mazidi M.A.; Naimi S. & Naimi S
670 ## - SOURCE DATA FOUND
- Source citation: Work cat.: (OSt)207428: Mazidi M.A., AVR Microcontroller And Embedded Systems , 2015